000 00335nam a22001097a 4500
082 _a823
_bKUR/T
100 _aKUROYANAGI,TETSUKO; BRITTON,DOROTHY(TRA)
245 _aTOTTO-CHAN: THE LITTLE GIRL AT THE WINDOW
246 _aTOTTO-CHAN: THE LITTLE GIRL AT THE WINDOW
_bTOTTO-CHAN: THE LITTLE GIRL AT THE WINDOW
300 _a172
942 _cBK
999 _c8479
_d8479